[Event "City of Adelaide"]
[Site "Adelaide"]
[Date "1998.08.05"]
[Round "3.8"]
[White "Koodrin, Zina"]
[Black "Stefan, Vladimir"]
[Result "1-0"]
[WhiteElo "997"]
[BlackElo "1218"]
[Annotator "Fritz 5.00 - Anderson-Smith,W"]
[PlyCount "79"]
[EventDate "1998.07.22"]
[EventType "swiss"]
[EventRounds "9"]
[EventCountry "AUS"]

1. d4 d5 2. Nf3 Nf6 3. c4 e6 {Queen's Gambit Declined} 4. e3 c6 5. Nc3 Qa5 (
5... g6 6. Bd3 dxc4 7. Bxc4 Bg7 8. O-O O-O 9. b3 Nbd7 10. Bd3 c5 11. Ba3 Qc7
12. Rc1 b6 13. dxc5 Nxc5 14. Ne4 Nfxe4 15. Bxe4 Bb7 16. Bxb7 Qxb7 17. Bxc5 bxc5
18. Rxc5 Rac8 19. Rxc8 Rxc8 {1/2-1/2 Sicobo,J-Jawad,M/Moscow olm 1994/EXP 44})
(5... Nbd7 6. Bd3 dxc4 7. Bxc4 b5 8. Bd3 Bb7 (8... a6 9. e4 c5 10. d5 c4 11.
dxe6 fxe6 12. Bc2 Qc7 13. O-O Bc5 14. Qe2 Ne5 15. Nxe5 Qxe5 16. Be3 Bxe3 17.
Qxe3 Ng4 18. Qh3 h5 19. Bd1 Nf6 20. Qe3 Ng4 21. Bxg4 hxg4 22. Qg3 Qxg3 23. fxg3
g5 24. Rf6 Ra7 25. e5 Rah7 26. Ne4 Rxh2 27. Nd6+ Kd7 28. Kf2 Rh1 29. Rxh1 Rxh1
30. Rf7+ Kc6 31. Nxc8 Rb1 32. Ke3 Rxb2 33. Ne7+ Kc5 34. Rf6 Rxa2 35. Rxe6 b4
36. Rc6+ Kb5 37. Rc8 Rxg2 38. Nf5 Rg1 39. Nd4+ Kb6 40. e6 Re1+ 41. Ne2 {
1-0 Van der Sterren,P-Hector,J/Antwerpen op 1994/TD 94\02}) 9. e4 b4 10. Na4 c5
11. e5 Nd5 12. O-O cxd4 13. Re1 g6 14. Bd2 Bg7 15. Bb5 a6 16. Nc5 axb5 17. Nxb7
Qb6 18. Nd6+ Ke7 19. Ng5 Rhf8 20. Nxh7 Bxe5 21. Nxf8 Kxf8 22. Ne4 Bg7 23. Qb3
Ra4 24. Rac1 Qb8 25. Nc5 Nxc5 26. Rxc5 Be5 27. Rec1 Bxh2+ 28. Kh1 Qe5 29. Qh3
Bf4 30. Rxd5 exd5 31. Bxf4 Qxf4 32. Qh8+ Ke7 33. Re1+ Kd7 34. Qe8+ Kc7 35. Re7+
{1-0 Stohl,I-Sakaev,K/Dortmund op-A 1992/TD 92\03}) 6. Qc2 $146 (6. Bd2 Nbd7 7.
Nxd5 Qd8 8. Nc3 c5 9. d5 exd5 10. cxd5 a6 11. a4 Nb6 12. e4 Be7 13. a5 Nbd7 14.
e5 Ng8 15. d6 Bf8 16. Nd5 Bxd6 17. exd6 Kf8 18. Bc4 Ngf6 19. Nc7 Rb8 20. Be3
Ne4 21. Qd5 Nxd6 22. Bxc5 {1-0 Sievey,J-Begum,M/Dubai olw 1986/TD 86\02}) 6...
Ne4 7. Bd3 Nxc3 8. bxc3 {Secures b4} (8. Qxc3 $4 Bb4 9. Bd2 Bxc3 10. Bxc3 Qb6
$19) 8... dxc4 9. Bxc4 (9. Bxh7 $2 {is worthless because of} Rxh7 10. e4 Rh5
$19) 9... Nd7 10. Bd2 c5 11. O-O $11 (11. Rb1 Bd6 $14) 11... Nb6 12. Be2 c4 13.
Ne5 Qa6 $16 (13... Bd6 14. f4 $14) 14. h3 $11 (14. a4 $5 $16) 14... Bd6 {
Black is behind in development.} 15. Nf3 $11 (15. f4 Bd7 $14) 15... Bd7 16. e4
Ba3 17. Bc1 Bxc1 $14 (17... Ba4 18. Qd2 Bd6 19. Qg5 $11) 18. Qxc1 O-O 19. Qe3
f6 {Consolidates e5+g5} 20. e5 {White wins space} Nd5 {A valuable piece} 21.
Qd2 f5 22. Nh2 Bc6 23. f4 Rac8 24. Nf3 Bd7 25. Nh4 (25. Rfb1 b5 26. a3 Rcd8 $11
) 25... Qa3 26. Rf3 $17 (26. Rfc1 $5 $11) 26... Rc6 $15 (26... Be8 $5 27. g4 b5
$17) 27. Rb1 Rb6 (27... Rc7 28. Qc1 Qxa2 29. Bd1 $11) 28. Rxb6 Nxb6 29. Rf1 Nd5
30. Bxc4 {White terminates the opponent with strong threats} Nxc3 31. Bb3 Ne4
32. Qd3 Qe7 $4 $18 {hands over the advantage to the opponent} (32... Kh8 $142
$11 {the rescuing straw}) 33. Nxf5 $1 {decapitation} Rxf5 34. Qxe4 Bc6 (34...
Rf7 35. Qxb7 g6 $18) 35. Qxf5 Bd7 36. Qe4 Bc6 37. d5 (37. Qe3 Bd5 38. f5 Bxb3
39. Qxb3 h6 40. fxe6 Kh8 41. Rf7 Qd8 42. e7 Qxd4+ 43. Kh2 Qxe5+ 44. Qg3 Qxg3+
45. Kxg3 Kh7 46. e8=Q h5 47. Qf8 h4+ 48. Kxh4 Kg6 49. Qxg7#) 37... Qc5+ (37...
Bxd5 {cannot undo what has already been done} 38. Qc2 Bxb3 39. axb3 $18) 38.
Kh2 exd5 (38... Bxd5 {does not save the day} 39. Qd3 $18) 39. Qf5 (39. Rd1 $5 {
makes it even easier for White} g6 $18) 39... h6 (39... Qf8 {
doesn't change anything anymore} 40. Qxf8+ Kxf8 41. Rd1 $18) 40. Bc2 (40. Bc2
Qe7 41. Qh7+ Kf8 42. Bg6 $18) 1-0

[Event "City of Adelaide"]
[Site "Adelaide"]
[Date "1998.08.12"]
[Round "4.1"]
[White "Sheldrick, Kevin"]
[Black "Phan-Koshnitsky, Ngan"]
[Result "0-1"]
[WhiteElo "1801"]
[BlackElo "2003"]
[Annotator "Fritz 5.00 - Anderson-Smith,W"]
[PlyCount "68"]
[EventDate "1998.07.22"]
[EventType "swiss"]
[EventRounds "9"]
[EventCountry "AUS"]

1. e4 c5 2. Nc3 Nc6 3. f4 {Sicilian Defence, Closed System} g6 4. Nf3 Bg7 5.
Bc4 e6 6. f5 Nge7 7. fxe6 dxe6 (7... fxe6 8. d3 d5 9. Bb3 b5 10. a3 c4 (10...
Nd4 11. O-O Nxb3 12. cxb3 O-O 13. Bg5 h6 14. Bxe7 Qxe7 15. exd5 exd5 16. Nxd5
Qd7 17. Nc3 Bb7 18. Kh1 Rad8 19. Ne4 Qd5 20. Nfd2 Bxb2 21. Rb1 Rxf1+ 22. Qxf1
Qxd3 23. Nxc5 Bxg2+ {0-1 Ermenkov,E-Muralidharan,M/Calcutta op 1993/EXP 33})
11. Ba2 Bxc3+ 12. bxc3 dxe4 13. Ng5 exd3 14. O-O d2 15. Bxd2 Nf5 16. a4 a6 17.
Qf3 Qd5 18. Ne4 O-O 19. Bg5 Bb7 20. Nf6+ Rxf6 21. Qxd5 exd5 22. Bxf6 Rf8 23.
Bg5 bxa4 24. Rab1 Bc8 25. g4 Nd6 26. Rxf8+ Kxf8 27. Rb6 Bd7 28. Rxa6 Ne4 29.
Bh6+ Kf7 30. Rxa4 Nxc3 31. Ra3 Nd4 32. Ra7 Ke6 33. Bg7 Ncb5 34. Ra6+ Kf7 35.
Bxd4 Nxd4 36. Rd6 Be6 37. Bxc4 Ke7 38. Rxd5 Bxd5 39. Bxd5 Nxc2 40. g5 Ne3 41.
Be4 Kf8 {1/2-1/2 West,G-Hoelzl,F/Novi Sad olm 1990/TD 90\06}) 8. d3 O-O 9. O-O
Na5 10. Qe1 (10. Bb3 Nec6 (10... Nxb3 11. axb3 b6 12. Qe1 Nc6 13. Qg3 Bb7 14.
e5 Nd4 15. Ne1 Nf5 16. Rxf5 exf5 17. Bf4 Re8 18. Nb5 Re6 19. Nd6 Bc6 20. c3 Qd7
21. Nc2 h6 22. h4 Bd5 23. c4 Bc6 24. b4 a6 25. b3 a5 26. b5 Bb7 27. Ra2 Rb8 28.
Ne3 Qe7 29. Nxb7 Rxb7 30. Nd5 Qe8 31. Kh1 Kh8 32. Qe3 f6 33. Re2 fxe5 34. Bxh6
Bxh6 35. Qxh6+ Rh7 36. Qg5 Rh5 37. Qd2 Rxh4+ 38. Kg1 Qd7 39. Qg5 Rh5 40. Qg3
Qg7 41. Qf3 Qh6 42. Nc7 e4 43. dxe4 Rh1+ 44. Kf2 Qh4+ 45. g3 {
Gashimov,S-Timoshin,J/WchJM U12 1996/1-0 (74)}) 11. Bg5 f6 12. Be3 Nxb3 13.
axb3 Nd4 14. Na4 f5 15. exf5 Rxf5 16. g4 Rf8 17. Nxc5 e5 18. c3 Bxg4 19. cxd4
exd4 20. Bd2 Qd5 21. Ne4 Qh5 22. Ng3 Qd5 23. Ne4 Qh5 24. Ng3 Qd5 25. Ne4 Qh5 {
1/2-1/2 Pavlovic,M-Semkov,S/Erevan 1988/CBM 08}) 10... Nxc4 11. dxc4 Nc6 $146 (
11... b6 12. Qh4 Nc6 13. Bg5 f6 14. Be3 Ba6 15. Rad1 Qc7 16. Nb5 Bxb5 17. cxb5
Ne5 18. Nxe5 Qxe5 19. Rd7 Rf7 20. Rxf7 Kxf7 21. Rd1 Qc7 22. Bf4 e5 23. Be3 Rd8
24. Qg4 Ke7 25. h3 Rxd1+ 26. Qxd1 Qd7 27. Qxd7+ Kxd7 28. c4 f5 29. Kf2 f4 30.
Bd2 Bf8 31. Kf3 h5 32. Bc3 {1/2-1/2 Ivanov,A-Tolnai,T/Vienna op 1991/EXP 25})
12. Bg5 f6 {Covers e5} 13. Be3 b6 {Secures c5} 14. Nb5 Qe7 15. Qg3 Bb7 16. Qc7
a6 $16 (16... Rf7 $142 $5 {is a viable option} 17. Qxe7 Rxe7 $15 (17... Nxe7 $2
18. Nd6 $18)) 17. Qxb6 $1 {White is still ahead} axb5 {Black launches an attack
} 18. Bxc5 Qd7 19. Bxf8 $14 (19. cxb5 Na7 20. Bxf8 Bxf8 $14) 19... Bxf8 20.
cxb5 Nb4 {Black threatens Qc8} 21. Rad1 $17 (21. Nd4 $142 {
is the best option White has} e5 22. c3 exd4 23. cxb4 $11) 21... Qe7 $4 $14 {
letting the wind out of her own sails} (21... Qc8 $142 22. Qf2 Bc5 (22... Rxa2
23. c3 Bc5 24. Nd4 $16) 23. Rd8+ Qxd8 24. Qxc5 Nxa2 $17) 22. Nd4 e5 23. a3 $11
(23. Qe6+ Qxe6 24. Nxe6 Bxe4 $16) 23... exd4 24. axb4 $15 (24. Qxd4 Na2 25. Ra1
Qxe4 26. Qxe4 Bxe4 27. Rxa2 Bxc2 28. Rxf6 Bc5+ 29. Kh1 $16) 24... Qxe4 {
The mate threat is Qxg2} 25. Rf2 Bh6 26. Kh1 (26. Qxf6 $4 {
taking the pawn will cause White grave problems} Rf8 27. Qxd4 Be3 28. Qxe4
Bxf2+ (28... Bxe4 $6 29. Rdd2 $17) 29. Kf1 Bxe4 $19) 26... Be3 27. Qxf6 Bxf2 {
Do you see the mate threat?} 28. Qxf2 Rf8 {Threatening mate: Rxf2} 29. Qd2 Re8
30. c4 $4 $19 {simply worsens the situation} (30. Kg1 $142 $17) 30... Qg4 {
Threatening mate... how?} 31. h3 Bxg2+ $1 {Black should return material} 32.
Kh2 Qxh3+ 33. Kg1 Bf3 (33... Qh1+ 34. Kf2 Rf8+ 35. Qf4 Rxf4+ 36. Ke2 Bf3+ 37.
Kf2 Qg2+ 38. Ke1 Qe2#) 34. Qh2 Qg4+ (34... Qg4+ 35. Kf1 Be2+ 36. Kf2 Rf8+ 37.
Ke1 Rf1+ 38. Kd2 Rxd1+ 39. Kc2 Qe4+ 40. Kb3 Qe3+ 41. Ka2 Bxc4+ 42. b3 Qxb3#)
0-1

[Event "City of Adelaide"]
[Site "Adelaide"]
[Date "1998.08.12"]
[Round "4.3"]
[White "Errington, James"]
[Black "Errington, Luke"]
[Result "1/2-1/2"]
[WhiteElo "1323"]
[BlackElo "1461"]
[Annotator "Fritz 5.00 - Anderson-Smith,W"]
[PlyCount "102"]
[EventDate "1998.07.22"]
[EventType "swiss"]
[EventRounds "9"]
[EventCountry "AUS"]

1. c4 e5 2. Nc3 d6 3. g3 f5 {English Opening} 4. Bg2 Nf6 5. Nf3 (5. b4 Be7 6.
d3 O-O 7. Bd2 Kh8 8. Nd5 c6 9. Nxe7 Qxe7 10. Nf3 Na6 11. O-O Nc7 12. a4 Ne6 13.
Rb1 f4 14. Bc3 Qe8 15. e4 a5 16. bxa5 c5 17. Rb6 Qe7 18. Nh4 g6 19. Qd2 Nd7 20.
Rbb1 Nb8 21. Nf3 Nc6 22. Rb6 g5 23. Rfb1 g4 24. Nh4 Ned4 25. Bxd4 Nxd4 26. a6
Rxa6 27. Rxa6 bxa6 28. Rb6 Qf6 29. a5 Nf3+ 30. Bxf3 gxf3 31. Kf1 Rg8 32. Qb2 h6
33. Ke1 Kh7 34. Rb8 h5 35. Rxc8 Rg7 36. Rb8 {
1-0 Ragozin,E-Malaniuk,V/St.Petersburg op 1995/EXP 46}) (5. d3 g6 (5... Be7 6.
f4 exf4 7. gxf4 c6 8. Nf3 Qb6 9. e3 O-O 10. O-O Kh8 11. Kh1 a5 12. b3 Na6 13.
Na4 Qd8 14. Bb2 Bd7 15. Qd2 Rb8 16. Nc3 Nc5 17. Nd4 Ng4 18. h3 Nh6 19. Rf3 Bf6
20. Nce2 Ra8 21. Rg1 Ne6 22. Rg3 Nxd4 23. Nxd4 a4 24. b4 a3 25. Bc3 g6 26. b5
Rc8 27. bxc6 bxc6 28. Rb1 c5 29. Nc2 Bc6 30. Nxa3 Bxg2+ 31. Rxg2 Ng8 32. Rb7 d5
33. Nb5 Rc6 34. a4 Qc8 35. Ra7 dxc4 36. dxc4 Rd8 37. Qe1 Qe6 38. Rxg6 Rd7 39.
Bxf6+ Nxf6 40. Ra8+ {1-0 Serper,G-Yermolinsky,A/Manila olm 1992/TD 92\02}) 6.
Nf3 Bg7 7. O-O O-O 8. Rb1 c6 9. b4 Kh8 10. Bb2 Qe7 11. e4 Be6 12. exf5 gxf5 13.
Re1 Nbd7 14. b5 f4 15. bxc6 bxc6 16. Ba3 c5 17. Rb7 Qe8 18. Nb5 Qh5 19. Nc7 Bg4
20. Nxa8 e4 21. dxe4 Ne5 22. Rb3 Rxa8 23. Bb2 Nfd7 24. Bxe5 Nxe5 25. Qxd6 Re8
26. Nxe5 Bxe5 27. Qxc5 f3 28. Bf1 Bh3 29. Bxh3 {
1-0 Hickl,J-Vonthron,H/BL9293 1993/BL 90}) 5... Be7 6. O-O c6 7. d3 $146 {
Prevents intrusion on e4} (7. c5 e4 8. cxd6 Qxd6 9. Ne1 Nbd7 10. d3 Nc5 11. Bf4
Qd8 12. Be3 exd3 13. Bxc5 Bxc5 14. Nxd3 Bd6 15. b4 O-O 16. b5 Bd7 17. bxc6 Bxc6
18. Bxc6 bxc6 19. Rc1 Qe8 20. e3 Rd8 21. Qe2 Rf7 {
Anastasian,A-Meister,Y/Belgorod GMA-qual 1989/TD 89\02/1-0 (67)}) 7... h6 {
Controls g5} 8. Rb1 Be6 9. b4 O-O 10. Nh4 Qe8 11. b5 {This push gains space} d5
12. bxc6 bxc6 {Consolidates b5.} (12... Qxc6 $2 13. Ng6 Re8 14. Nxe5 $18) 13.
Qb3 Nbd7 $14 (13... Qf7 14. Ba3 Bxa3 15. Qxa3 $11) 14. cxd5 Rb8 $2 $18 (14...
Nxd5 $142 {would keep Black in the game} 15. Nxd5 Bxh4 $11) 15. Qa4 $4 $14 {
gives the opponent new chances} (15. dxe6 $142 {
and White can look forward to a comfortable game} Rxb3 16. exd7 (16. axb3 $6
Nb6 $14) (16. Rxb3 $6 Nc5 17. Nxf5 Nxb3 18. Bxc6 Qd8 19. axb3 Ne8 $11) 16...
Nxd7 17. Rxb3 $18) 15... Rxb1 $16 (15... cxd5 $5 {has some apparent merit} 16.
Rxb8 Nxb8 17. Qxe8 Rxe8 $14) 16. Nxb1 $11 (16. dxe6 $142 Nb6 17. Qxc6 $16)
16... cxd5 17. Qxa7 Ng4 $14 (17... Qb8 18. Qa6 Nc5 19. Qa3 Qxb1 20. Ng6 $11)
18. Ba3 Bxa3 19. Qxa3 Qh5 $16 (19... d4 20. Qd6 $14) 20. Qd6 Qf7 21. Nc3 (21.
Nf3 Rb8 $16) 21... e4 {Black wins space} 22. a4 $14 (22. h3 Ngf6 23. Ng6 Ne8
24. Ne7+ Kh7 $14) 22... g5 23. h3 (23. dxe4 $6 dxe4 24. Nxf5 Bxf5 25. Nxe4 Re8
$11) 23... Nge5 $18 (23... Ngf6 $5 24. Ng6 $1 {
White should return some of the goodies he has collected} Re8 $16) 24. dxe4 $4
$11 {allows the opponent back into the game} (24. f4 $142 exf3 25. Nxf3 Nxf3+
26. Rxf3 $18) 24... fxe4 25. Nxd5 {White is forced to give material back.} Bxd5
26. Nf5 Nf3+ $4 $18 {releasing the pressure on the opponent} (26... Qxf5 27.
Qxd5+ Kh8 28. Qxe4 Qxe4 29. Bxe4 Nc5 $11) 27. exf3 Qxf5 28. fxe4 Rf6 $2 (28...
Bxe4 29. Bxe4 Qxe4 30. Qxd7 Rf7 31. Qd8+ Kh7 $18) 29. Qxd5+ (29. exf5 $6 Rxd6
30. Rd1 Nf6 $16) 29... Qxd5 30. exd5 Ra6 31. Ra1 Nc5 32. Bf1 Rxa4 33. Rxa4 (33.
Rd1 Kf7 $18) 33... Nxa4 34. Kg2 Kf7 35. Kf3 Kf6 36. Kg4 Nc3 37. Bg2 Nd1 (37...
Kg6 38. d6 h5+ 39. Kf3 $18) 38. Kf3 (38. Kh5 Nxf2 39. Kxh6 Nd1 $18) 38... Ke5
39. Ke2 Nc3+ 40. Kd3 Nxd5 41. Bxd5 Kxd5 42. Ke3 Ke5 43. Kf3 (43. f4+ $142 {
keeps an even firmer grip} Kf5 44. g4+ Kf6 $18) 43... Kf5 44. g4+ (44. Ke2 $5
Ke4 $18) 44... Ke5 45. Kg3 Ke4 46. h4 $4 $11 {a transit from better to worse} (
46. f3+ $142 {a shame that White overlooked this excellent chance} Ke5 47. f4+
gxf4+ 48. Kf3 $18) 46... gxh4+ 47. Kxh4 {With the decisive threat g5} Kf3 48.
Kh5 Kf4 49. Kh4 Kf3 50. Kh5 Kf4 51. Kh4 Kf3 1/2-1/2

[Event "City of Adelaide"]
[Site "Adelaide"]
[Date "1998.08.12"]
[Round "4.4"]
[White "Kramer, Warren"]
[Black "Nothdurft, John"]
[Result "1/2-1/2"]
[WhiteElo "1323"]
[BlackElo "1528"]
[Annotator "Fritz 5.00 - Anderson-Smith,W"]
[PlyCount "85"]
[EventDate "1998.07.22"]
[EventType "swiss"]
[EventRounds "9"]
[EventCountry "AUS"]

1. c4 Nf6 2. d4 e6 3. Nf3 d5 4. cxd5 exd5 5. Nc3 c6 6. Bg5 Be7 7. e3 Nbd7 {
Queen's Gambit Declined, Exchange Variation} 8. Be2 (8. Qb1 O-O 9. Bd3 Re8 10.
O-O Nf8 11. Bxf6 Bxf6 12. b4 Bg4 13. Nd2 Be7 14. a3 Bd6 15. Bf5 Qh4 16. g3 Qh3
17. Bxg4 Qxg4 18. Qd1 Qf5 19. Kg2 Re6 20. Qb1 Qh5 21. Qd1 Qf5 22. Qb1 {
1/2-1/2 Speelman,J-Jussupow,A/Reykjavik WCup 1988/CBM 10}) 8... O-O 9. O-O Re8
$146 (9... Ne4 10. Nxe4 (10. Bxe7 Qxe7 11. Rc1 Ndf6 12. Ne5 Be6 13. Na4 Rac8
14. f3 Nd6 15. Nc5 Bf5 16. Bd3 b6 17. Nb3 c5 18. Bxf5 Nxf5 19. Re1 c4 20. Nd2
b5 21. Nf1 Nd6 22. Ng3 Rfe8 23. Qd2 Qb7 24. a3 Re6 {
Schmitzer,H-Hund,J/Bad Woerishofen op 1989/TD 89\05/1-0 (37)}) 10... dxe4 11.
Bxe7 Qxe7 12. Nd2 Nb6 13. b4 Nd5 14. Qb3 Qxb4 15. Qxb4 Nxb4 16. Nxe4 Rd8 17. a3
Nd5 18. Rfc1 Nb6 19. a4 f5 20. Nc5 Rd6 21. Rab1 Rb8 22. Rb2 Nd7 23. Nb3 Nf6 24.
Na5 {Schubert,R-Braussemann,I/JBL NO95/96 1995/1-0 (51)}) (9... a6 10. Qc2 b5
11. a3 Nb6 12. Na2 Bb7 13. Nb4 Qd6 14. Ne5 Rac8 15. Bf3 h6 16. Bh4 a5 17. Nbd3
Rfe8 18. Bg3 Qd8 19. Rfc1 Bd6 20. Qb3 Bf8 21. Bh4 Be7 22. Nc5 Ba8 23. Rc3 Bd6
24. Ncd3 {Armbruster,M-Hinske,S/GER-chJ U13 1995/1-0 (55)}) 10. Re1 h6 11. Bh4
Nf8 12. Ne5 Bf5 13. Bh5 g6 14. Be2 Bd6 (14... N8d7 15. Nxd7 Qxd7 16. Rc1 $11)
15. Ng4 (15. Qb3 g5 16. Qxb7 Bxe5 17. dxe5 gxh4 18. exf6 Qxf6 $14) 15... Bxg4
16. Bxg4 Kg7 17. a3 {Secures b4} (17. Bf3 N8h7 $11) 17... g5 18. Bg3 Bxg3 19.
hxg3 Nxg4 20. Qxg4 Nh7 21. Qf5 Qf6 22. Qxf6+ Nxf6 ({Inferior is} 22... Kxf6 23.
e4 $11) 23. Re2 Re7 24. Rae1 Rae8 25. b4 Nd7 26. b5 Nb6 27. bxc6 bxc6 {
Consolidates b5} 28. a4 Nc4 29. Rb1 a5 30. Rb3 f5 31. Nd1 f4 {Black gains space
} 32. gxf4 gxf4 33. Rc2 fxe3 34. Nxe3 Nxe3 35. fxe3 Rxe3 36. Rxe3 $17 (36. Rb7+
R8e7 37. Rxe7+ Rxe7 38. Rxc6 Re1+ 39. Kf2 Ra1 $11) 36... Rxe3 37. Rxc6 Ra3 38.
Rc5 $17 (38. Kf2 Rxa4 39. Ke3 Ra2 $17) 38... Rxa4 39. Rxd5 Ra1+ 40. Kf2 a4 41.
Rd7+ Kf8 $15 (41... Kg6 42. d5 $17) 42. g4 Rb1 $11 (42... a3 43. Ra7 $15) 43.
Ra7 1/2-1/2

[Event "City of Adelaide"]
[Site "Adelaide"]
[Date "1998.08.12"]
[Round "4.5"]
[White "Cowley, Robert G"]
[Black "Amini, Amir"]
[Result "0-1"]
[WhiteElo "1995"]
[BlackElo "1412"]
[Annotator "Fritz 5.00 - Anderson-Smith,W"]
[PlyCount "118"]
[EventDate "1998.07.22"]
[EventType "swiss"]
[EventRounds "9"]
[EventCountry "AUS"]

1. Nf3 Nf6 2. c4 e6 3. Nc3 Bb4 4. d4 {Nimzo-Indian Defence} Bxc3+ (4... b6 5.
Bg5 Bb7 6. e3 h6 7. Bh4 Bxc3+ 8. bxc3 d6 9. Nd2 Nbd7 10. f3 Qe7 11. e4 $11) (
4... d5 5. Bg5 Nbd7 (5... h6 6. Bxf6 Qxf6 7. e3 O-O 8. Rc1 dxc4 9. Bxc4 c5 10.
O-O $11) 6. cxd5 exd5 7. e3 c5 8. Bd3 Qa5 9. Qc2 c4 10. Bf5 O-O 11. O-O Re8 12.
Nd2 g6 13. Bxd7 Nxd7 14. f3 $11) 5. bxc3 c5 (5... O-O 6. Bg5 h6 7. Bh4 d6 8. e3
Nc6 9. Nd2 e5 10. Bd3 Re8 11. O-O g5 12. Bg3 e4 13. Bc2 Qe7 14. f3 exf3 15.
Qxf3 Qxe3+ 16. Qxe3 Rxe3 17. Rxf6 Rxc3 18. Bd1 Nxd4 19. Bf2 Rd3 20. Nb3 Nxb3
21. axb3 Kg7 22. Rf3 Rxd1+ 23. Rxd1 Bg4 24. Bd4+ Kg8 25. Re1 Bxf3 26. gxf3 c5
27. Bf6 b5 28. Be7 bxc4 29. bxc4 a5 30. Bxd6 a4 31. Rc1 Ra5 32. Kf2 a3 33. Ke3
a2 34. Be5 f5 35. Kd3 Ra4 36. Bb2 Kf7 37. Kc3 Rb4 38. Rf1 h5 39. Rd1 Ra4 40.
Kb3 {Gaprindashvili,N-Lehmann,K/Berlin Neukoelln 1988/TD 88\04/1/2-1/2 (51)})
6. Qc2 $146 (6. e3 O-O 7. Be2 d6 8. O-O b6 9. Rb1 Bb7 10. Qb3 Qc7 11. a4 Nbd7
12. Rd1 Rac8 13. Ba3 cxd4 14. cxd4 Bxf3 15. Bxf3 Qxc4 16. Bxd6 Rfe8 17. Qb5
Qxb5 18. axb5 Rc2 19. Rdc1 Rec8 20. Rxc2 Rxc2 21. Ra1 Rb2 22. Bc6 Ne8 23. Ba3
Rb3 24. Bxd7 Nc7 25. h3 Nxb5 26. Bxb5 Rxb5 27. Bd6 a5 28. Rc1 g5 29. Rc6 a4 30.
Rc8+ Kg7 31. Ra8 Rb1+ 32. Kh2 b5 33. Kg3 Kf6 34. Kf3 Kf5 35. g4+ Kg6 36. Bg3
Rb3 37. h4 a3 38. h5+ Kh6 39. Bd6 Kg7 40. Rxa3 Rxa3 {
Klawonn,M-Reiser,D/GER-chJ U13 1995/1-0 (51)}) 6... b6 7. e4 Bb7 8. Bd3 $11 (8.
e5 Ne4 $14) 8... h6 $14 {Controls g5} (8... d6 9. O-O $11) 9. O-O $11 (9. e5
Ng8 $14) 9... O-O (9... d6 10. Rb1 $11) 10. h3 {Covers g4} (10. e5 Ne8 $11)
10... d6 {Prevents intrusion on e5} 11. Be3 Qe7 12. Nd2 Nc6 13. Rab1 Rac8 14.
f4 Rc7 $14 (14... Rfd8 15. Rfd1 $11) 15. e5 {White gets more space} dxe5 16.
dxe5 $11 (16. fxe5 Nd7 $14) 16... Ne8 17. Ne4 Rd7 18. Be2 Qd8 $11 (18... f6 19.
exf6 Nxf6 20. Nxf6+ Qxf6 21. a3 $15) 19. Rbd1 Na5 20. Bc1 g6 {Covers h5} 21.
Kh2 h5 $14 (21... f5 22. exf6 Nxf6 23. Nf2 $11) 22. Be3 Nc6 $16 (22... Rxd1 $5
23. Rxd1 Qa8 $11) 23. Rxd7 $11 (23. Bxh5 $5 gxh5 24. Ng5 $14) 23... Qxd7 24.
Rd1 Qc7 25. Nd6 (25. Bf3 Na5 $11) 25... Nxd6 26. Rxd6 Rd8 27. Rxd8+ Qxd8 28.
Bf3 Na5 29. Bxb7 Nxb7 30. Qe4 Na5 31. f5 (31. Bf2 Kh7 $15) 31... exf5 32. Qd5 {
Threatening mate... how?} Qxd5 (32... Qe7 33. Bh6 $17) 33. cxd5 Nc4 34. Bf4 Kf8
35. Kg3 Ke7 36. Bg5+ (36. Kf3 Kd7 $17) 36... Kd7 37. Bf4 b5 38. Kf3 Nb6 39. Be3
(39. d6 Ke6 $19) 39... Nxd5 40. Bxc5 Nxc3 41. Bxa7 Nxa2 42. Ke3 Kc6 (42... Nb4
{makes it even easier for Black} 43. h4 $19) 43. Kd4 Nb4 44. e6 (44. h4 Nd5 $19
) 44... fxe6 45. Ke5 (45. Bb8 {doesn't get the cat off the tree} Nc2+ 46. Kd3
Ne1+ 47. Ke2 Nxg2 $19) 45... Nd3+ (45... Nc2 $142 $5 {
and Black can already relax} 46. Bb8 b4 47. Kf6 $19) 46. Kxe6 Nf4+ 47. Kf6 Kd5
48. g3 (48. Bb6 b4 49. Ba5 b3 $19) 48... Nxh3 49. Kxg6 Ke4 (49... b4 $142 {
and Black wins} 50. Be3 f4 51. gxf4 Nxf4+ 52. Bxf4 b3 $19) 50. Kxh5 b4 51. Bc5
b3 52. Ba3 Nf2 53. Kh4 (53. Bb2 {cannot undo what has already been done} Nd3
54. Bc3 b2 55. Bxb2 Nxb2 $19) 53... Nd3 (53... Nd1 $142 $5 {seems even better}
54. Kg5 $19) 54. g4 (54. Kh5 $19 {there is nothing better in the position})
54... f4 55. g5 Ne5 (55... f3 56. Kg3 f2 57. Kg2 Ke3 58. Bb2 Ke2 59. Kg3 f1=Q
60. Kh4 Qh1+ 61. Kg4 Qf3+ 62. Kh4 Nf2 63. g6 Qg4#) 56. Bb2 (56. Bc1 {
is no salvation} Kd3 $1 {the end of the story} 57. Bb2 f3 $19) 56... Ng6+ 57.
Kg4 {If White now only could play Bc1...} f3 58. Kg3 Ke3 59. Bc1+ Ke2 {
The mate threat is f2} (59... Ke2 60. Kg4 f2 61. Kh5 f1=Q 62. Kxg6 Qxc1 63. Kh5
b2 64. Kg6 b1=Q+ 65. Kf6 Qc6+ 66. Ke7 Qbb7+ 67. Kf8 Qcc8#) 0-1